000
00217 a2200097 4500
001
11842
100
_a
Lencezowski, G
245
_a
The Meddle East in world
260
_a
_b
Cornell University
_c
090
_c
9098
_d
9098
942
_a
NUST-CAE
_c
M
_c
35931
999
_c
246915
_d
246915